[Event "UZB-ch"]
[Site "Tashkent"]
[Date "2019.07.09"]
[Round "8"]
[White "Karimov, Ibragim"]
[Black "Abdusattorov, Nodirbek"]
[Result "0-1"]
[WhiteElo "2211"]
[BlackElo "2598"]
[PlyCount "122"]
[EventDate "2019.07.02"]
[EventType "tourn"]
[EventRounds "13"]
[EventCountry "UZB"]
[EventCategory "6"]
[SourceTitle "CBM 191 Extra"]
[Source "ChessBase"]
[SourceDate "2019.09.30"]
[SourceVersion "1"]
[SourceVersionDate "2019.09.30"]
[SourceQuality "1"]

1. d4 Nf6 2. Nf3 b6 3. g3 Bb7 4. Bg2 g6 5. 0-0 Bg7 6. c4 0-0 7. Nc3 Ne4 8. Nd5 e6 9. Nf4 f5 10. h4 Qf6 11. Qb3 c5 12. dxc5 Nxc5 13. Qd1 Nc6 14. Rb1 Rfd8 15. Ng5 Qd4 16. Be3 Qxd1 17. Rfxd1 h6 18. Ngh3 Kf7 19. Bxc5 bxc5 20. Nd3 Na5 21. b3 Bxg2 22. Kxg2 d6 23. e3 Rab8 24. Nhf4 Nc6 25. h5 g5 26. Ne2 a5 27. Rdc1 Ne7 28. Nc3 Bxc3 29. Rxc3 Ng8 30. Nb2 Nf6 31. Rh1 g4 32. Na4 Ne4 33. Rd3 Ke7 34. Nc3 Nf6 35. Na4 Rbc8 36. Nc3 Rc7 37. Re1 Ne4 38. f3 gxf3+ 39. Kxf3 Nxc3 40. Rxc3 Rg8 41. e4 Rg5 42. exf5 Rxf5+ 43. Kg4 Rc8 44. Rce3 Rg8+ 45. Kh4 e5 46. a3 Rgg5 47. b4 Rxh5+ 48. Kg4 axb4 49. axb4 cxb4 50. Rb1 Ke6 51. Re2 Rhg5+ 52. Kh3 Rf3 53. Rxb4 Rfxg3+ 54. Kh2 R3g4 55. Kh3 Rd4 56. Rb8 Rxc4 57. Rd2 Rd4 58. Ra2 Kd5 59. Rb5+ Ke4 60. Rbb2 Rd3+ 61. Kh2 d5 0-1

[Event "UZB-ch"]
[Site "Tashkent"]
[Date "2019.07.05"]
[Round "4"]
[White "Karimov, Ibragim"]
[Black "Khoroshev, Nikita"]
[Result "1-0"]
[WhiteElo "2211"]
[BlackElo "2414"]
[PlyCount "73"]
[EventDate "2019.07.02"]
[EventType "tourn"]
[EventRounds "13"]
[EventCountry "UZB"]
[EventCategory "6"]
[SourceTitle "CBM 191 Extra"]
[Source "ChessBase"]
[SourceDate "2019.09.30"]
[SourceVersion "1"]
[SourceVersionDate "2019.09.30"]
[SourceQuality "1"]

1. d4 f5 2. c4 Nf6 3. Nc3 g6 4. h4 Bg7 5. Bg5 c5 6. d5 Qa5 7. Qd2 h6 8. Bf4 d6 9. e3 Na6 10. Rc1 b5 11. cxb5 Nc7 12. Bc4 a6 13. b6 Qxb6 14. a3 Qa5 15. Nge2 Bb7 16. Rd1 Nb5 17. 0-0 0-0 18. e4 Nd4 19. Bxh6 Nxe4 20. Nxe4 Qxd2 21. Bxd2 fxe4 22. Bg5 e6 23. Nc3 Rf5 24. Nxe4 exd5 25. Nxd6 dxc4 26. Nxb7 Ne2+ 27. Kh1 Raf8 28. g4 Rf3 29. Kg2 Bd4 30. Be3 c3 31. bxc3 Nxc3 32. Bxd4 cxd4 33. Rxd4 Nb5 34. Ra4 Nxa3 35. Rxa6 Kh7 36. Nc5 Nc4 37. Ne6 1-0

[Event "UZB-ch"]
[Site "Tashkent"]
[Date "2019.07.04"]
[Round "3"]
[White "Sindarov, Javokhir"]
[Black "Karimov, Ibragim"]
[Result "1-0"]
[WhiteElo "2479"]
[BlackElo "2211"]
[PlyCount "105"]
[EventDate "2019.07.02"]
[EventType "tourn"]
[EventRounds "13"]
[EventCountry "UZB"]
[EventCategory "6"]
[SourceTitle "CBM 191 Extra"]
[Source "ChessBase"]
[SourceDate "2019.09.30"]
[SourceVersion "1"]
[SourceVersionDate "2019.09.30"]
[SourceQuality "1"]

1. e4 c5 2. Nc3 Nc6 3. Nf3 d6 4. d4 cxd4 5. Nxd4 g6 6. Be3 Bg7 7. Qd2 Nf6 8. f3 h5 9. Bc4 Bd7 10. 0-0 0-0 11. Rfe1 Nxd4 12. Bxd4 Bc6 13. a4 a5 14. Kh1 Nd7 15. Bxg7 Kxg7 16. f4 Qb6 17. b3 Nf6 18. Nd5 Bxd5 19. exd5 Rac8 20. Rxe7 Rfe8 21. Rae1 Rxe7 22. Rxe7 Re8 23. Rxe8 Nxe8 24. h3 Nf6 25. Kh2 Ne4 26. Qe2 f5 27. Bd3 Qd4 28. Bxe4 fxe4 29. Qc4 Qf2 30. Qxe4 h4 31. Qe7+ Kg8 32. Qg5 Kf7 33. Qg4 b6 34. c3 Kf6 35. b4 Kf7 36. bxa5 bxa5 37. c4 Kf6 38. c5 dxc5 39. Qg5+ Kf7 40. d6 Ke6 41. Qe5+ Kd7 42. f5 Qg3+ 43. Qxg3 hxg3+ 44. Kxg3 gxf5 45. Kf4 Kxd6 46. Kxf5 Kd5 47. g4 c4 48. g5 c3 49. g6 c2 50. g7 c1Q 51. g8Q+ Kd4 52. Qd8+ Kc3 53. Qc7+ 1-0

[Event "UZB-ch"]
[Site "Tashkent"]
[Date "2015.05.13"]
[Round "9"]
[White "Karimov, Ibragim"]
[Black "Faizulaev, Akmal"]
[Result "0-1"]
[WhiteElo "2253"]
[BlackElo "2385"]
[PlyCount "50"]
[EventDate "2015.05.05"]
[EventType "tourn"]
[EventRounds "13"]
[EventCountry "UZB"]
[EventCategory "5"]
[SourceTitle "CBM 166 Extra"]
[Source "ChessBase"]
[SourceDate "2015.06.18"]
[SourceVersion "1"]
[SourceVersionDate "2015.06.18"]
[SourceQuality "1"]

1. e4 e5 2. Nf3 Nc6 3. d4 exd4 4. Nxd4 Nf6 5. Nxc6 bxc6 6. e5 Qe7 7. Qe2 Nd5 8. c4 Nb6 9. b3 Bb7 10. Bb2 0-0-0 11. Nd2 g6 12. 0-0-0 Bg7 13. f4 Rhe8 14. Nf3 c5 15. g3 f6 16. Bg2 d6 17. Rhe1 fxe5 18. fxe5 dxe5 19. Rxd8+ Rxd8 20. Bh3+ Kb8 21. Bxe5 Bxf3 22. Qxf3 Bxe5 23. Bg2 Bf4+ 24. Kb2 Rd2+ 25. Ka3 Rxg2 0-1

[Event "UZB-ch"]
[Site "Tashkent"]
[Date "2015.05.08"]
[Round "4"]
[White "Khoroshev, Nikita"]
[Black "Karimov, Ibragim"]
[Result "0-1"]
[WhiteElo "2314"]
[BlackElo "2253"]
[PlyCount "78"]
[EventDate "2015.05.05"]
[EventType "tourn"]
[EventRounds "13"]
[EventCountry "UZB"]
[EventCategory "5"]
[SourceTitle "CBM 166 Extra"]
[Source "ChessBase"]
[SourceDate "2015.06.18"]
[SourceVersion "1"]
[SourceVersionDate "2015.06.18"]
[SourceQuality "1"]

1. Nf3 Nf6 2. c4 g6 3. Nc3 Bg7 4. d4 0-0 5. g3 d6 6. Bg2 c6 7. 0-0 Qb6 8. b3 e5 9. e3 e4 10. Nd2 d5 11. Ba3 Re8 12. Qc2 Bf5 13. Rfc1 Na6 14. Qb2 Qd8 15. cxd5 cxd5 16. Nb5 Re6 17. h3 Qd7 18. Nc3 b5 19. b4 Rb6 20. Kh2 g5 21. Nb3 Ne8 22. g4 Be6 23. Nc5 Nxc5 24. dxc5 Rc6 25. Qd2 Nc7 26. Ne2 f5 27. Bb2 fxg4 28. Bxg7 Qxg7 29. Nd4 gxh3 30. Bxe4 dxe4 31. Nxc6 Rf8 32. Rg1 Qf6 33. Rxg5+ Qxg5 34. Rg1 Bg4 35. f4 exf3 36. Qd4 h5 37. Qd6 f2 38. Ne7+ Kh7 39. Rf1 Be2 0-1

[Event "UZB-ch"]
[Site "Tashkent"]
[Date "2015.05.07"]
[Round "3"]
[White "Karimov, Ibragim"]
[Black "Vokhidov, Shamsiddin"]
[Result "1/2-1/2"]
[WhiteElo "2253"]
[BlackElo "2266"]
[PlyCount "131"]
[EventDate "2015.05.05"]
[EventType "tourn"]
[EventRounds "13"]
[EventCountry "UZB"]
[EventCategory "5"]
[SourceTitle "CBM 166 Extra"]
[Source "ChessBase"]
[SourceDate "2015.06.18"]
[SourceVersion "1"]
[SourceVersionDate "2015.06.18"]
[SourceQuality "1"]

1. Nf3 c5 2. c4 Nc6 3. g3 g6 4. Bg2 Bg7 5. 0-0 d6 6. Nc3 e6 7. e3 Nge7 8. d4 0-0 9. dxc5 dxc5 10. Qe2 a6 11. Rd1 Qc7 12. Bd2 b6 13. Na4 f5 14. Bc3 e5 15. a3 e4 16. Ne1 Be6 17. f3 exf3 18. Nxf3 Rae8 19. Bxg7 Kxg7 20. b4 cxb4 21. axb4 Kg8 22. b5 axb5 23. cxb5 Na5 24. Rac1 Bc4 25. Rd4 Bxe2 26. Rxc7 Bxb5 27. Nxb6 Nac6 28. Rdd7 Rd8 29. Nd4 Rxd7 30. Nxd7 Nxd4 31. Nxf8 Ne2+ 32. Kf2 Kxf8 33. Bf1 Nxg3 34. hxg3 Bxf1 35. Kxf1 Kf7 36. Ke2 h5 37. e4 fxe4 38. Ke3 Kf6 39. Kxe4 Nf5 40. Kf4 Nd4 41. Ra7 Ne6+ 42. Kf3 Ng5+ 43. Ke3 Kf5 44. Ra4 Ne6 45. Kf3 Ng5+ 46. Kg2 Ne6 47. Ra5+ Kg4 48. Rb5 Ng7 49. Rb7 Ne6 50. Rf7 Kg5 51. Kh3 Nd4 52. Ra7 Nf5 53. Ra5 Kh6 54. g4 hxg4+ 55. Kxg4 Ne3+ 56. Kf4 Nf5 57. Ra1 Kh5 58. Ra8 Nh6 59. Ra5+ Nf5 60. Rb5 Kh4 61. Rb2 Kh5 62. Rg2 Nh4 63. Rg5+ Kh6 64. Re5 Nf5 65. Kg4 Kg7 66. Rc5 1/2-1/2

[Event "UZB-ch qual"]
[Site "Tashkent"]
[Date "2015.04.28"]
[Round "7"]
[White "Karimov, Ibragim"]
[Black "Saydaliev, Saidakbar"]
[Result "1-0"]
[WhiteElo "2253"]
[BlackElo "2163"]
[PlyCount "95"]
[EventDate "2015.04.21"]
[EventType "tourn"]
[EventRounds "9"]
[EventCountry "UZB"]
[SourceTitle "CBM 166 Extra"]
[Source "ChessBase"]
[SourceDate "2015.06.18"]
[SourceVersion "1"]
[SourceVersionDate "2015.06.18"]
[SourceQuality "1"]

1. e4 c5 2. c3 Nc6 3. d4 cxd4 4. cxd4 d5 5. e5 Bf5 6. Nc3 e6 7. Be3 a6 8. Bd3 Nge7 9. Nge2 Bxd3 10. Qxd3 Nf5 11. 0-0 Be7 12. Rac1 Qd7 13. Bd2 0-0 14. g4 Nh4 15. f4 f6 16. exf6 Bxf6 17. Kh1 Be7 18. Be1 Rae8 19. Rd1 Bd8 20. Bg3 Ng6 21. h3 Bh4 22. Bxh4 Nxh4 23. Qg3 Qd8 24. Na4 Ng6 25. Nc5 Rf7 26. Rc1 Qa5 27. a3 Qb5 28. Qe3 Na5 29. b3 b6 30. Nxe6 Qxb3 31. Rc3 Qb5 32. f5 Nf8 33. a4 Qxa4 34. N2f4 g5 35. Nxd5 Qb5 36. Qxg5+ Kh8 37. Ne3 Nxe6 38. Qh5 Ref8 39. d5 Ng7 40. Qg5 Nb7 41. Rc6 Nc5 42. Rh6 Ne4 43. Qh4 Ne8 44. g5 Nxg5 45. Qxg5 Rg7 46. Qh4 Rfg8 47. Qd4 Qe2 48. Rxh7+ 1-0

[Event "UZB-ch qual"]
[Site "Tashkent"]
[Date "2015.04.26"]
[Round "5"]
[White "Karimov, Ibragim"]
[Black "Yusupov, Sarvar"]
[Result "1-0"]
[WhiteElo "2253"]
[BlackElo "2086"]
[PlyCount "85"]
[EventDate "2015.04.21"]
[EventType "tourn"]
[EventRounds "9"]
[EventCountry "UZB"]
[SourceTitle "CBM 166 Extra"]
[Source "ChessBase"]
[SourceDate "2015.06.18"]
[SourceVersion "1"]
[SourceVersionDate "2015.06.18"]
[SourceQuality "1"]

1. e4 e6 2. d4 d5 3. Nd2 dxe4 4. Nxe4 Nd7 5. Bd3 Ngf6 6. Qe2 h6 7. Nf3 Be7 8. 0-0 Nxe4 9. Bxe4 Nf6 10. Bxb7 Bxb7 11. Qb5+ Qd7 12. Qxb7 0-0 13. Qa6 Qd5 14. Qe2 Bd6 15. Re1 Rab8 16. c4 Qf5 17. h3 Bb4 18. Rd1 Qh5 19. Bf4 Bd6 20. Be5 Nh7 21. Rd2 Ng5 22. Nxg5 Qxg5 23. Rad1 Rfd8 24. Qg4 Qxg4 25. hxg4 f6 26. Bxd6 Rxd6 27. Kf1 Kf7 28. Ke2 Ke7 29. Kd3 Kf7 30. Kc3 Kg6 31. d5 Re8 32. b4 Kg5 33. c5 Rxd5 34. Rxd5+ exd5 35. Rxd5+ Kxg4 36. Rd7 g5 37. Rxc7 Re2 38. Rxa7 Rxf2 39. c6 Rxg2 40. c7 Rg1 41. Kd2 Rg2+ 42. Kd3 Rg3+ 43. Kd4 1-0

[Event "UZB-ch qual"]
[Site "Tashkent"]
[Date "2015.04.23"]
[Round "2"]
[White "Karimov, Ibragim"]
[Black "Abdisalimov, Abdimalik"]
[Result "1-0"]
[WhiteElo "2253"]
[BlackElo "2125"]
[PlyCount "55"]
[EventDate "2015.04.21"]
[EventType "tourn"]
[EventRounds "9"]
[EventCountry "UZB"]
[SourceTitle "CBM 166 Extra"]
[Source "ChessBase"]
[SourceDate "2015.06.18"]
[SourceVersion "1"]
[SourceVersionDate "2015.06.18"]
[SourceQuality "1"]

1. e4 c5 2. Nc3 Nc6 3. Nf3 d6 4. d4 cxd4 5. Nxd4 Nf6 6. Be2 e5 7. Nb3 Be7 8. 0-0 0-0 9. f4 exf4 10. Bxf4 Ne5 11. Kh1 Be6 12. Nd4 Qd7 13. Qe1 a6 14. Rd1 Qc7 15. Qg3 b5 16. a3 Rfe8 17. Bg5 Kh8 18. Nf5 Bxf5 19. Rxf5 Ned7 20. Rdf1 Rf8 21. Bd3 Qd8 22. Qh3 g6 23. e5 dxe5 24. Nd5 Nxd5 25. Rxf7 Rxf7 26. Rxf7 Nf8 27. Bxg6 Kg8 28. Rxf8+ 1-0

[Event "Agzamov Memorial 09th"]
[Site "Tashkent"]
[Date "2015.03.18"]
[Round "8"]
[White "Karimov, Ibragim"]
[Black "Korneev, Oleg"]
[Result "0-1"]
[WhiteElo "2245"]
[BlackElo "2600"]
[PlyCount "54"]
[EventDate "2015.03.11"]
[EventType "swiss"]
[EventRounds "9"]
[EventCountry "UZB"]
[SourceTitle "CBM 165 Extra"]
[Source "ChessBase"]
[SourceDate "2015.04.21"]
[SourceVersion "1"]
[SourceVersionDate "2015.04.21"]
[SourceQuality "1"]

1. Nf3 d5 2. g3 Bf5 3. Bg2 e6 4. 0-0 Nf6 5. d3 Be7 6. Nbd2 0-0 7. Qe1 h6 8. e4 Bh7 9. a3 c5 10. b3 Nc6 11. Bb2 Qc7 12. Rc1 b5 13. h3 a5 14. Nh2 a4 15. Ng4 Nxg4 16. hxg4 Rfd8 17. f4 c4 18. exd5 exd5 19. dxc4 dxc4 20. Kh2 c3 21. Bxc3 Bxa3 22. Ra1 Bc5 23. bxa4 b4 24. Be5 Nxe5 25. fxe5 Ra6 26. Ne4 Bd4 27. Rd1 Qxe5 0-1

[Event "UZB-ch"]
[Site "Tashkent"]
[Date "2014.03.31"]
[Round "8"]
[White "Begmuratov, Alisher"]
[Black "Karimov, Ibragim"]
[Result "1-0"]
[WhiteElo "2157"]
[BlackElo "2292"]
[PlyCount "63"]
[EventDate "2014.03.24"]
[EventType "tourn"]
[EventRounds "9"]
[EventCountry "UZB"]
[EventCategory "4"]
[SourceTitle "CBM 159 Extra"]
[Source "ChessBase"]
[SourceDate "2014.04.24"]
[SourceVersion "1"]
[SourceVersionDate "2014.04.24"]
[SourceQuality "1"]

1. e4 e6 2. d4 d5 3. Nd2 f5 4. e5 c5 5. c3 cxd4 6. cxd4 Qb6 7. Ne2 Nc6 8. Nc3 Bd7 9. Nf3 Rc8 10. Be2 Na5 11. 0-0 Nc4 12. Na4 Qc6 13. b3 Nb6 14. Nc5 Bxc5 15. dxc5 Qxc5 16. Be3 Qa5 17. a4 Na8 18. Nd4 a6 19. Bg5 Ne7 20. g4 Nc7 21. Re1 f4 22. Bxf4 Ng6 23. Bd2 Qc5 24. Be3 Qe7 25. f4 0-0 26. Qd2 a5 27. Rf1 Na6 28. Bxa6 bxa6 29. h3 Qh4 30. Kh2 h5 31. f5 Rf7 32. Nf3 1-0

[Event "UZB-ch"]
[Site "Tashkent"]
[Date "2014.03.30"]
[Round "7"]
[White "Karimov, Ibragim"]
[Black "Tillyaev, Ulugbek"]
[Result "0-1"]
[WhiteElo "2292"]
[BlackElo "2310"]
[PlyCount "64"]
[EventDate "2014.03.24"]
[EventType "tourn"]
[EventRounds "9"]
[EventCountry "UZB"]
[EventCategory "4"]
[SourceTitle "CBM 159 Extra"]
[Source "ChessBase"]
[SourceDate "2014.04.24"]
[SourceVersion "1"]
[SourceVersionDate "2014.04.24"]
[SourceQuality "1"]

1. Nf3 Nf6 2. g3 d5 3. Bg2 c6 4. d3 Bf5 5. h3 e6 6. Nh4 Bg6 7. Nxg6 hxg6 8. e4 Nbd7 9. Nd2 Qc7 10. Qe2 Be7 11. a4 dxe4 12. dxe4 e5 13. 0-0 Nc5 14. Nc4 Ne6 15. c3 a5 16. Be3 Bc5 17. Rad1 0-0 18. Bc1 Rad8 19. h4 Be7 20. Rxd8 Rxd8 21. Rd1 Rb8 22. Bh3 Nc5 23. Nxe5 Ncxe4 24. Nd7 Re8 25. Bf4 Bd6 26. Rxd6 Nxd6 27. Bxd6 Qxd7 28. Bxd7 Rxe2 29. Bc8 Rxb2 30. Bc7 Ne4 31. Bxa5 b6 32. Bb4 c5 0-1

[Event "UZB-ch 1st League"]
[Site "Tashkent"]
[Date "2014.03.11"]
[Round "11"]
[White "Guseynov, Alihan"]
[Black "Karimov, Ibragim"]
[Result "0-1"]
[WhiteElo "2192"]
[BlackElo "2292"]
[PlyCount "46"]
[EventDate "2014.03.01"]
[EventType "tourn"]
[EventRounds "11"]
[EventCountry "UZB"]
[SourceTitle "CBM 159 Extra"]
[Source "ChessBase"]
[SourceDate "2014.04.24"]
[SourceVersion "1"]
[SourceVersionDate "2014.04.24"]
[SourceQuality "1"]

1. d4 c5 2. d5 e5 3. c4 d6 4. Nc3 Be7 5. g3 a6 6. Bg2 Nf6 7. a4 0-0 8. e4 Ne8 9. Nge2 Bg5 10. 0-0 Bxc1 11. Qxc1 Nd7 12. a5 g6 13. f4 exf4 14. Rxf4 Ne5 15. Rh4 g5 16. Rh5 f6 17. Bh3 Ng7 18. Rh6 Bxh3 19. Rxh3 Qd7 20. Kg2 Nxc4 21. Na4 Ne5 22. Qe3 Rae8 23. Nb6 Qb5 0-1

[Event "UZB-ch 1st League"]
[Site "Tashkent"]
[Date "2014.03.03"]
[Round "3"]
[White "Vokhidov, Shamsiddin"]
[Black "Karimov, Ibragim"]
[Result "0-1"]
[WhiteElo "2022"]
[BlackElo "2292"]
[PlyCount "70"]
[EventDate "2014.03.01"]
[EventType "tourn"]
[EventRounds "11"]
[EventCountry "UZB"]
[SourceTitle "CBM 159 Extra"]
[Source "ChessBase"]
[SourceDate "2014.04.24"]
[SourceVersion "1"]
[SourceVersionDate "2014.04.24"]
[SourceQuality "1"]

1. e4 g6 2. d4 Bg7 3. Nc3 d6 4. Be3 a6 5. Qd2 b5 6. a4 b4 7. Nce2 a5 8. c3 Na6 9. Ng3 h5 10. Bc4 bxc3 11. bxc3 Nf6 12. f3 c6 13. h4 d5 14. Bd3 dxe4 15. fxe4 e5 16. Nf3 Ng4 17. Bg5 Qd6 18. Ne2 0-0 19. 0-0 c5 20. d5 c4 21. Bc2 Nc5 22. Ng3 Rb8 23. Qe2 Ba6 24. Nh2 Nxh2 25. Kxh2 Nd3 26. Bc1 Nxc1 27. Rfxc1 Qf6 28. Nf1 Qxh4+ 29. Kg1 Rfc8 30. Rd1 Bf8 31. Ne3 Bc5 32. Rab1 Qg3 33. Re1 Rxb1 34. Bxb1 Rb8 35. Qf2 Bxe3 0-1

[Event "Agzamov Memorial 07th"]
[Site "Tashkent"]
[Date "2013.04.20"]
[Round "7"]
[White "Khamrakulov, Djurabek"]
[Black "Karimov, Ibragim"]
[Result "1-0"]
[WhiteElo "2429"]
[BlackElo "2307"]
[PlyCount "53"]
[EventDate "2013.04.14"]
[EventType "swiss"]
[EventRounds "9"]
[EventCountry "UZB"]
[SourceTitle "CBM 154 Extra"]
[Source "ChessBase"]
[SourceDate "2013.06.25"]
[SourceVersion "2"]
[SourceVersionDate "2013.06.25"]
[SourceQuality "1"]

1. e4 e6 2. d4 d5 3. Nd2 Nc6 4. Ngf3 Nf6 5. e5 Nd7 6. Nb3 f6 7. Bb5 a6 8. Bxc6 bxc6 9. 0-0 fxe5 10. Bg5 Be7 11. Bxe7 Qxe7 12. Nxe5 Nxe5 13. dxe5 c5 14. c4 c6 15. Rc1 d4 16. Qf3 Bb7 17. Na5 Rb8 18. Qa3 0-0 19. Nb3 Bc8 20. Nxd4 Qg5 21. Nxc6 Bb7 22. h4 Qxh4 23. Nxb8 Bxg2 24. Kxg2 Rf4 25. Rc3 Qh5 26. Rg3 Rh4 27. Qf3 1-0

[Event "Izmailov Memorial op 16th"]
[Site "Tomsk"]
[Date "2012.08.12"]
[Round "7"]
[White "Gutov, Andrey"]
[Black "Karimov, Ibragim"]
[Result "0-1"]
[WhiteElo "2412"]
[BlackElo "2333"]
[PlyCount "74"]
[EventDate "2012.08.06"]
[EventType "swiss"]
[EventRounds "9"]
[EventCountry "RUS"]
[SourceTitle "CBM 149 Extra"]
[Source "ChessBase"]
[SourceDate "2012.08.24"]
[SourceVersion "1"]
[SourceVersionDate "2012.08.24"]
[SourceQuality "1"]

1. d4 Nf6 2. c4 g6 3. Nc3 Bg7 4. e4 d6 5. Nf3 0-0 6. Be2 Nbd7 7. 0-0 e5 8. d5 Nc5 9. Qc2 a5 10. Bg5 h6 11. Be3 Nh5 12. g3 Bh3 13. Rfd1 Na6 14. a3 f5 15. exf5 Bxf5 16. Qd2 Kh7 17. Nh4 Nf4 18. Bf1 Bg4 19. f3 Bh5 20. Bg2 Nxg2 21. Kxg2 Bf6 22. Bxh6 Rf7 23. g4 Bxh4 24. Ne4 Nc5 25. Ng5+ Bxg5 26. Bxg5 Qd7 27. gxh5 Qf5 28. Qe3 gxh5 29. h4 Qc2+ 30. Rd2 Qxc4 31. Rf1 Raf8 32. Rff2 a4 33. Rd1 b5 34. Rdd2 e4 35. f4 Nd3 36. Qe2 Nxf4+ 37. Bxf4 Qxe2 0-1

[Event "Izmailov Memorial op 16th"]
[Site "Tomsk"]
[Date "2012.08.09"]
[Round "4"]
[White "Karimov, Ibragim"]
[Black "Timofeev, Artyom"]
[Result "0-1"]
[WhiteElo "2333"]
[BlackElo "2659"]
[PlyCount "76"]
[EventDate "2012.08.06"]
[EventType "swiss"]
[EventRounds "9"]
[EventCountry "RUS"]
[SourceTitle "CBM 149 Extra"]
[Source "ChessBase"]
[SourceDate "2012.08.24"]
[SourceVersion "1"]
[SourceVersionDate "2012.08.24"]
[SourceQuality "1"]

1. Nf3 c5 2. c4 Nf6 3. g3 d5 4. cxd5 Nxd5 5. Bg2 Nc6 6. Nc3 Nc7 7. 0-0 e5 8. a3 Rb8 9. d3 Be7 10. Rb1 0-0 11. Be3 Be6 12. Nd2 Qd7 13. Rc1 Nd4 14. Nc4 f6 15. a4 b6 16. f4 exf4 17. Bxf4 Rbc8 18. Qe1 Na6 19. Qf2 Nb4 20. Rcd1 Bg4 21. Ne3 Bh5 22. Nc4 Qe6 23. Rde1 Rfd8 24. Bb7 Bg4 25. Ne3 Bh3 26. Ng2 c4 27. dxc4 Rxc4 28. e3 Nb3 29. Rd1 Rxd1 30. Rxd1 Bg4 31. Re1 Nc5 32. Bf3 Ncd3 33. Bxg4 Qxg4 34. Qf1 Qe6 35. Rb1 g5 36. Bb8 a5 37. g4 Rxg4 38. Rd1 Qxe3+ 0-1

[Event "Izmailov Memorial op 16th"]
[Site "Tomsk"]
[Date "2012.08.08"]
[Round "3"]
[White "Puraev, Artemiy"]
[Black "Karimov, Ibragim"]
[Result "0-1"]
[WhiteElo "2233"]
[BlackElo "2333"]
[PlyCount "112"]
[EventDate "2012.08.06"]
[EventType "swiss"]
[EventRounds "9"]
[EventCountry "RUS"]
[SourceTitle "CBM 149 Extra"]
[Source "ChessBase"]
[SourceDate "2012.08.24"]
[SourceVersion "1"]
[SourceVersionDate "2012.08.24"]
[SourceQuality "1"]

1. d4 c5 2. d5 e5 3. e4 d6 4. Nc3 a6 5. a4 Be7 6. f4 exf4 7. Bxf4 Bg5 8. Qd2 Bxf4 9. Qxf4 Qf6 10. Qg3 Nd7 11. Nf3 Ne7 12. Bd3 Ng6 13. 0-0 Nde5 14. Ng5 Qe7 15. h4 Nxh4 16. Nxf7 Nxf7 17. Qxg7 Rf8 18. e5 Nxe5 19. Rxf8+ Qxf8 20. Qxh7 Qe7 21. Qg8+ Kd7 22. Rf1 Kc7 23. Be4 Rb8 24. Rf8 Nhg6 25. Bxg6 Nxg6 26. Rf7 Bd7 27. Qxg6 Qe1+ 28. Rf1 Qe3+ 29. Rf2 Qe1+ 30. Rf1 Qe3+ 31. Rf2 Rf8 32. Ne4 Rxf2 33. Qxd6+ Kc8 34. Nxf2 Qe1+ 35. Kh2 Qxf2 36. a5 Qh4+ 37. Kg1 Qe1+ 38. Kh2 Qxa5 39. Qe5 c4 40. Qd4 Kb8 41. g4 c3 42. Qh8+ Ka7 43. Qd4+ Qb6 44. Qxc3 Bxg4 45. Kg3 Bd7 46. Kf4 Qh6+ 47. Ke4 Qh4+ 48. Ke5 Qh8+ 49. Kd6 Qxc3 50. bxc3 Bf5 51. c4 a5 52. Ke5 Bxc2 53. c5 Kb8 54. c6 b6 55. Ke6 Kc8 56. d6 Ba4 0-1

[Event "Izmailov Memorial op 16th"]
[Site "Tomsk"]
[Date "2012.08.06"]
[Round "1"]
[White "Belogortsev, Victor"]
[Black "Karimov, Ibragim"]
[Result "0-1"]
[WhiteElo "1974"]
[BlackElo "2333"]
[PlyCount "58"]
[EventDate "2012.08.06"]
[EventType "swiss"]
[EventRounds "9"]
[EventCountry "RUS"]
[SourceTitle "CBM 149 Extra"]
[Source "ChessBase"]
[SourceDate "2012.08.24"]
[SourceVersion "1"]
[SourceVersionDate "2012.08.24"]
[SourceQuality "1"]

1. d4 c5 2. Nf3 cxd4 3. Nxd4 Nf6 4. Nc3 a6 5. e4 e5 6. Nf5 d5 7. Ng3 d4 8. Nb1 Nc6 9. Be2 Bc5 10. 0-0 0-0 11. a3 Be6 12. b4 Ba7 13. Bd3 Rc8 14. h3 Ne7 15. Nd2 Ng6 16. Nf3 Ne8 17. Ng5 Nf4 18. Nxe6 Nxe6 19. Qg4 Bb8 20. Nh5 Kh8 21. Ng3 g6 22. Bh6 Rg8 23. Ne2 g5 24. Ng3 Rg6 25. Nf5 Nf6 26. Qg3 Ng8 27. Qf3 Nxh6 28. Nxh6 Rxh6 29. Qxf7 Qc7 0-1

[Event "Agzamov Memorial 06th"]
[Site "Tashkent"]
[Date "2012.03.08"]
[Round "3"]
[White "Filippov, Anton"]
[Black "Karimov, Ibragim"]
[Result "1/2-1/2"]
[WhiteElo "2637"]
[BlackElo "2324"]
[PlyCount "118"]
[EventDate "2012.03.06"]
[EventType "swiss"]
[EventRounds "9"]
[EventCountry "UZB"]
[SourceTitle "CBM 147 Extra"]
[Source "ChessBase"]
[SourceDate "2012.04.24"]
[SourceVersion "1"]
[SourceVersionDate "2012.04.24"]
[SourceQuality "1"]

1. e4 d6 2. d4 Nf6 3. Nc3 Nbd7 4. f4 e5 5. dxe5 dxe5 6. fxe5 Nxe5 7. Qxd8+ Kxd8 8. Nf3 Nfd7 9. Bf4 Bd6 10. Bg3 c6 11. 0-0-0 Ke7 12. Be2 f6 13. a3 Nf7 14. Bf2 Be5 15. Nxe5 Ndxe5 16. Bc5+ Ke8 17. h3 b6 18. Bf2 Be6 19. b3 Ke7 20. a4 Rhd8 21. a5 Rxd1+ 22. Rxd1 Nd7 23. Kb2 Rb8 24. Ra1 Rb7 25. axb6 axb6 26. Ra6 Nd6 27. Bd3 c5 28. Be2 Nb8 29. Ra8 Nc6 30. Be3 Kd7 31. Bf4 Ne5 32. Ba6 Rc7 33. Nb5 Nxb5 34. Bxb5+ Ke7 35. Re8+ Kf7 36. Rb8 c4 37. Bxe5 fxe5 38. Rxb6 cxb3 39. cxb3 g5 40. Ba6 h5 41. Be2 h4 42. Rb4 Ke7 43. Bc4 Bxc4 44. Rxc4 Rd7 45. Kc3 Kd6 46. Kd3 Rf7 47. Ke2 Rf4 48. Ke3 g4 49. Rd4+ Ke6 50. Rd3 gxh3 51. gxh3 Rf1 52. Ke2 Rb1 53. Kf3 Rf1+ 54. Ke2 Rb1 55. Re3 Kd6 56. Kf3 Rf1+ 57. Ke2 Rb1 58. Rd3+ Ke6 59. Rc3 Kd6 1/2-1/2